[Event "POL-chT Academic"]
[Site "Chorzow"]
[Date "2021.05.16"]
[Round "7.13"]
[White "Kopica, Paulina"]
[Black "Daliga, Anita"]
[Result "1/2-1/2"]
[WhiteElo "1890"]
[BlackElo "1598"]
[PlyCount "88"]
[EventDate "2021.05.15"]
[EventType "team-swiss (rapid)"]
[EventRounds "9"]
[EventCountry "POL"]
[SourceTitle "CBM 202 Extra"]
[Source "ChessBase"]
[SourceDate "2021.07.31"]
[SourceVersion "1"]
[SourceVersionDate "2021.07.31"]
[SourceQuality "1"]
[WhiteTeam "Wroclaw Politechnik"]
[BlackTeam "Warsaw Politechnik"]
[WhiteTeamCountry "POL"]
[BlackTeamCountry "POL"]

1. e4 c6 2. d4 d5 3. e5 Bf5 4. h4 h6 5. g4 Bh7 6. e6 fxe6 7. Bd3 Bxd3 8. Qxd3 e5 9. dxe5 e6 10. Nf3 Qd7 11. g5 Na6 12. Be3 Bc5 13. c3 Bxe3 14. Qxe3 Qf7 15. Rg1 Ne7 16. gxh6 gxh6 17. Nbd2 Nf5 18. Qf4 0-0-0 19. 0-0-0 Nc5 20. Nb3 Nxb3+ 21. axb3 Rhg8 22. Nd4 Rdf8 23. Nxf5 Qxf5 24. Qxh6 Qxe5 25. Rge1 Qf6 26. Rxe6 Qxh6+ 27. Rxh6 Rxf2 28. Rd2 Rf1+ 29. Kc2 Rh1 30. Rh7 Rh3 31. Rf2 a6 32. b4 Rd8 33. Rff7 Rh2+ 34. Kb3 Rh3 35. Rc7+ Kb8 36. Rxb7+ Ka8 37. Ra7+ Kb8 38. Rxa6 d4 39. Rb6+ Ka8 40. Rxc6 d3 41. Ra6+ Kb8 42. Rb6+ Ka8 43. Ra6+ Kb8 44. Rb6+ Ka8 1/2-1/2

[Event "POL-chT Academic"]
[Site "Chorzow"]
[Date "2021.05.15"]
[Round "5.18"]
[White "Daliga, Anita"]
[Black "Jedrocha, Katarzyna"]
[Result "0-1"]
[WhiteElo "1598"]
[BlackElo "1978"]
[PlyCount "134"]
[EventDate "2021.05.15"]
[EventType "team-swiss (rapid)"]
[EventRounds "9"]
[EventCountry "POL"]
[SourceTitle "CBM 202 Extra"]
[Source "ChessBase"]
[SourceDate "2021.07.31"]
[SourceVersion "1"]
[SourceVersionDate "2021.07.31"]
[SourceQuality "1"]
[WhiteTeam "Warsaw Politechnik"]
[BlackTeam "Krakow Gorniczo Hutnicza Acad"]
[WhiteTeamCountry "POL"]
[BlackTeamCountry "POL"]

1. e4 c5 2. Nf3 d6 3. d4 cxd4 4. Nxd4 Nf6 5. Nc3 a6 6. Be2 e5 7. Nb3 Be7 8. 0-0 Be6 9. h3 0-0 10. Be3 Nbd7 11. Re1 Qc7 12. Nd5 Bxd5 13. exd5 b6 14. Rc1 Nc5 15. Nxc5 bxc5 16. c4 Rfb8 17. b3 a5 18. Qc2 a4 19. f4 axb3 20. axb3 Nd7 21. Bg4 Bf6 22. Bxd7 Qxd7 23. fxe5 Bxe5 24. Bxc5 Qe7 25. Bf2 Qg5 26. Qd3 Ra2 27. Rc2 Ra3 28. Rb1 h5 29. h4 Qf4 30. g3 Qg4 31. Kg2 f5 32. Re2 Raxb3 33. Rxb3 Rxb3 34. Qxb3 Qxe2 35. Qf3 Qxc4 36. Qxf5 Qxd5+ 37. Qf3 Qxf3+ 38. Kxf3 Kf7 39. g4 hxg4+ 40. Kxg4 Kg6 41. Be3 d5 42. Bd2 Bd6 43. Be3 Kf6 44. Bd4+ Kf7 45. Kf5 Bg3 46. Kg4 Be1 47. Kg5 Bb4 48. Kf5 Be7 49. Kg4 Bf6 50. Be3 Ke6 51. Bf4 d4 52. Bd2 Ke5 53. h5 Ke4 54. h6 g6 55. h7 Kd3 56. Ba5 Ke2 57. Kf4 d3 58. Ke4 d2 59. Bxd2 Kxd2 60. Kd5 Ke3 61. Ke6 Bc3 62. Kd5 g5 63. Ke6 g4 64. Kf7 g3 65. Kg8 g2 66. h8Q Bxh8 67. Kxh8 g1Q 0-1

[Event "Lazy op 14th"]
[Site "Lazy"]
[Date "2018.06.24"]
[Round "1"]
[White "Daliga, Anita"]
[Black "Majocha, Piotr"]
[Result "1-0"]
[WhiteElo "1605"]
[BlackElo "1902"]
[PlyCount "87"]
[EventDate "2018.06.24"]
[EventType "swiss"]
[EventRounds "9"]
[EventCountry "POL"]
[SourceTitle "CBM 185 Extra"]
[Source "ChessBase"]
[SourceDate "2018.07.29"]
[SourceVersion "1"]
[SourceVersionDate "2018.07.29"]
[SourceQuality "1"]

1. e4 e6 2. d3 d5 3. Nd2 Nf6 4. g3 c5 5. Bg2 Be7 6. Ngf3 Nc6 7. 0-0 0-0 8. Re1 Re8 9. c3 b6 10. Qc2 Bb7 11. Nf1 h6 12. h4 b5 13. N1h2 d4 14. Qe2 dxc3 15. bxc3 e5 16. g4 b4 17. g5 hxg5 18. hxg5 Nh7 19. cxb4 cxb4 20. Qe3 Ba6 21. Rd1 Nd4 22. Nxd4 exd4 23. Qg3 Bxg5 24. f4 Be7 25. e5 Rc8 26. Be4 Nf8 27. Ng4 g6 28. Nh6+ Kg7 29. Nf5+ Kg8 30. Rd2 Ne6 31. Rh2 Ng7 32. Nh6+ Kf8 33. Ng4 Nh5 34. Rxh5 gxh5 35. Nh6 Bg5 36. fxg5 Qc7 37. Bf4 Qc3 38. Rf1 Qb2 39. g6 Rc2 40. g7+ Ke7 41. Bg5+ Kd7 42. Rxf7+ Kc8 43. Bf5+ Kb8 44. e6+ 1-0

[Event "EU-ch U16 Girls 26th"]
[Site "Prague"]
[Date "2016.08.26"]
[Round "8"]
[White "Daliga, Anita"]
[Black "Bierska, Adela"]
[Result "1-0"]
[WhiteElo "1638"]
[BlackElo "1722"]
[PlyCount "75"]
[EventDate "2016.08.18"]
[EventType "swiss"]
[EventRounds "9"]
[EventCountry "CZE"]
[SourceTitle "CBM 174 Extra"]
[Source "ChessBase"]
[SourceDate "2016.10.10"]
[SourceVersion "1"]
[SourceVersionDate "2016.10.10"]
[SourceQuality "1"]

1. e4 e6 2. d4 d5 3. exd5 exd5 4. c4 Nf6 5. Nc3 Nc6 6. Be3 Be6 7. c5 a6 8. Nf3 g6 9. Bd3 Bg7 10. 0-0 0-0 11. h3 Kh8 12. Qd2 Ng8 13. Rfe1 Qd7 14. Bc2 Rfe8 15. Bf4 Bf5 16. Bxf5 Qxf5 17. Bxc7 Bh6 18. Qd1 Nb4 19. Re5 Rxe5 20. Bxe5+ f6 21. Bg3 Ne7 22. a3 Nbc6 23. Qe2 g5 24. Rd1 Rg8 25. Qd3 Qd7 26. Ne2 Ng6 27. b4 Nf4 28. Bxf4 gxf4 29. Kh2 Qg7 30. Rg1 Nd8 31. a4 Nf7 32. b5 Bg5 33. Nc3 Nh6 34. Qe2 f5 35. Nxd5 Qf7 36. Nxg5 Rxg5 37. Qe5+ Rg7 38. Nxf4 1-0

[Event "World ol U16"]
[Site "Poprad"]
[Date "2016.07.27"]
[Round "6.3"]
[White "Heimisson, Hilmir Freyr"]
[Black "Daliga, Anita"]
[Result "1-0"]
[WhiteElo "1974"]
[BlackElo "1703"]
[PlyCount "107"]
[EventDate "2016.07.22"]
[EventType "team-swiss"]
[EventRounds "9"]
[EventCountry "SVK"]
[SourceTitle "EXT 2017"]
[Source "ChessBase"]
[SourceDate "2016.10.25"]
[SourceVersion "1"]
[SourceVersionDate "2016.10.25"]
[SourceQuality "1"]
[WhiteTeam "Iceland"]
[BlackTeam "Poland Warmia Mazury"]
[WhiteTeamCountry "ISL"]
[BlackTeamCountry "POL"]

1. d4 d5 2. c4 e6 3. Nc3 Nf6 4. cxd5 exd5 5. Bg5 Be7 6. e3 c6 7. Bd3 0-0 8. Nge2 Re8 9. 0-0 Nbd7 10. Qc2 h6 11. Bh4 Nf8 12. Rad1 Be6 13. a3 a6 14. Qb1 Rc8 15. b4 N8d7 16. f3 Nb6 17. e4 Qc7 18. e5 Nfd7 19. Bg3 Qd8 20. h3 Nb8 21. f4 f6 22. Bh7+ Kh8 23. Bg6 Rf8 24. f5 Bf7 25. Bxf7 Rxf7 26. e6 Rf8 27. Nf4 Kg8 28. Ng6 Re8 29. Ne2 Nc4 30. Qc1 a5 31. Nxe7+ Qxe7 32. Nf4 axb4 33. Ng6 Qd8 34. axb4 Qb6 35. Qc3 Na6 36. Rb1 Nc7 37. Rf4 Nb5 38. Qe1 Nbd6 39. e7 Ne4 40. Rxe4 dxe4 41. Qxe4 Na3 42. Qe6+ Kh7 43. Rd1 Nb5 44. Qf7 Nc7 45. Bd6 Nd5 46. Nf8+ Kh8 47. Rd3 Ra8 48. Rg3 Qxd4+ 49. Kh2 Rxe7 50. Bxe7 Qg1+ 51. Kxg1 Ra1+ 52. Kh2 Rh1+ 53. Kxh1 Nxe7 54. Qxg7# 1-0

[Event "World ol U16"]
[Site "Poprad"]
[Date "2016.07.25"]
[Round "5.3"]
[White "Daliga, Anita"]
[Black "Vozarova, Adriana"]
[Result "1-0"]
[WhiteElo "1703"]
[BlackElo "1561"]
[PlyCount "97"]
[EventDate "2016.07.22"]
[EventType "team-swiss"]
[EventRounds "9"]
[EventCountry "SVK"]
[SourceTitle "EXT 2017"]
[Source "ChessBase"]
[SourceDate "2016.10.25"]
[SourceVersion "1"]
[SourceVersionDate "2016.10.25"]
[SourceQuality "1"]
[WhiteTeam "Poland Warmia Mazury"]
[BlackTeam "Slovakia BSZ"]
[WhiteTeamCountry "POL"]
[BlackTeamCountry "SVK"]

1. e4 e5 2. Nf3 Nc6 3. Bb5 a6 4. Ba4 Nf6 5. 0-0 Be7 6. Re1 b5 7. Bb3 d6 8. h3 Na5 9. d3 Nxb3 10. axb3 0-0 11. Nc3 c6 12. Ne2 h6 13. Ng3 Nh7 14. Nf5 Bxf5 15. exf5 Qd7 16. g4 Qd8 17. d4 f6 18. Bd2 Qb6 19. Kg2 Rfe8 20. Ba5 Qa7 21. Qd2 Bd8 22. dxe5 dxe5 23. Rad1 Bxa5 24. Qxa5 c5 25. Rd6 Qb7 26. Qb6 Qxb6 27. Rxb6 Reb8 28. Rxb8+ Rxb8 29. Rd1 Rb6 30. Nh4 Kf8 31. Rd7 Ng5 32. Ng6+ Ke8 33. Re7+ Kd8 34. f3 Rd6 35. h4 Rd2+ 36. Kg3 Nxf3 37. Kxf3 Rxc2 38. Rxg7 Rxb2 39. Rf7 Rxb3+ 40. Kf2 c4 41. Rxf6 c3 42. Rc6 a5 43. f6 Kd7 44. Nxe5+ Kd8 45. f7 Rb2+ 46. Ke3 Ke7 47. Rc7+ Kd6 48. Rd7+ Kxe5 49. f8Q 1-0

[Event "World ol U16"]
[Site "Poprad"]
[Date "2016.07.24"]
[Round "4.3"]
[White "Limanovska, Elizabete"]
[Black "Daliga, Anita"]
[Result "1/2-1/2"]
[WhiteElo "1929"]
[BlackElo "1703"]
[PlyCount "43"]
[EventDate "2016.07.22"]
[EventType "team-swiss"]
[EventRounds "9"]
[EventCountry "SVK"]
[SourceTitle "EXT 2017"]
[Source "ChessBase"]
[SourceDate "2016.10.25"]
[SourceVersion "1"]
[SourceVersionDate "2016.10.25"]
[SourceQuality "1"]
[WhiteTeam "Latvia"]
[BlackTeam "Poland Warmia Mazury"]
[WhiteTeamCountry "LAT"]
[BlackTeamCountry "POL"]

1. e4 e5 2. Nf3 Nc6 3. Bb5 a6 4. Ba4 Bc5 5. 0-0 Nf6 6. c3 0-0 7. d4 Ba7 8. Bg5 b5 9. Bb3 h6 10. Bxf6 Qxf6 11. Bd5 Rb8 12. Bxc6 Qxc6 13. d5 Qf6 14. Nbd2 d6 15. h3 Kh7 16. Qe2 g5 17. Nh2 Rg8 18. Ng4 Qg6 19. Ne3 g4 20. hxg4 Bxg4 21. Nxg4 Qxg4 22. Qxg4 1/2-1/2

[Event "EU-ch U16 Girls 25th"]
[Site "Porec"]
[Date "2015.09.29"]
[Round "8"]
[White "Ivanyan, Ani"]
[Black "Daliga, Anita"]
[Result "1-0"]
[WhiteElo "1741"]
[BlackElo "1557"]
[PlyCount "99"]
[EventDate "2015.09.21"]
[EventType "swiss"]
[EventRounds "9"]
[EventCountry "CRO"]
[SourceTitle "EXT 2016"]
[Source "ChessBase"]
[SourceDate "2015.10.08"]
[SourceVersion "1"]
[SourceVersionDate "2015.10.08"]
[SourceQuality "1"]

1. d4 Nf6 2. Nf3 e6 3. e3 b6 4. Bd3 Bb7 5. 0-0 Be7 6. c4 d5 7. cxd5 exd5 8. Ne5 0-0 9. Nc3 Nbd7 10. f4 Ne4 11. Bd2 c5 12. Be1 f6 13. Bxe4 Nxe5 14. Bxh7+ Kxh7 15. fxe5 fxe5 16. Rxf8 Qxf8 17. Qh5+ Kg8 18. Qxe5 Bf6 19. Qe6+ Qf7 20. Qxf7+ Kxf7 21. Bf2 Bc6 22. a4 a6 23. a5 b5 24. dxc5 Bxc3 25. bxc3 Rc8 26. Bg3 Bd7 27. Bd6 Bf5 28. Rf1 Ke6 29. h3 Re8 30. g4 Bg6 31. h4 Rg8 32. Kh2 Ra8 33. Kg3 Be8 34. Rf5 Bc6 35. Re5+ Kf6 36. g5+ Kg6 37. Re6+ Kf7 38. Re7+ Kg6 39. Rc7 Be8 40. Kg4 Kh7 41. Be5 Rc8 42. Rxg7+ Kh8 43. Rc7+ Kg8 44. Rxc8 Kf7 45. g6+ Ke7 46. Bd6+ Kd7 47. Rc7+ Kd8 48. g7 Bd7+ 49. Rxd7+ Kxd7 50. g8Q 1-0

[Event "EU-ch U16 Girls 25th"]
[Site "Porec"]
[Date "2015.09.24"]
[Round "4"]
[White "Stsepkina, Katsiaryna"]
[Black "Daliga, Anita"]
[Result "1/2-1/2"]
[WhiteElo "1912"]
[BlackElo "1557"]
[PlyCount "90"]
[EventDate "2015.09.21"]
[EventType "swiss"]
[EventRounds "9"]
[EventCountry "CRO"]
[SourceTitle "EXT 2016"]
[Source "ChessBase"]
[SourceDate "2015.10.08"]
[SourceVersion "1"]
[SourceVersionDate "2015.10.08"]
[SourceQuality "1"]

1. e4 e5 2. Nf3 Nc6 3. Bb5 a6 4. Ba4 Bc5 5. 0-0 d6 6. c3 b5 7. Bb3 Bg4 8. d3 Nf6 9. h3 Bh5 10. Nbd2 h6 11. Re1 g5 12. Nf1 g4 13. hxg4 Bxg4 14. Be3 Qd7 15. Bd5 Bb6 16. Bxb6 cxb6 17. Ne3 Rc8 18. Kf1 Rg8 19. Ke2 Bxf3+ 20. gxf3 Ne7 21. Qb3 Nfxd5 22. Nxd5 Nxd5 23. Qxd5 Qe6 24. Rh1 Qxd5 25. exd5 Rg6 26. Rag1 Rxg1 27. Rxg1 Ke7 28. Ke3 Kf6 29. Ke4 h5 30. f4 exf4 31. Kxf4 h4 32. Rh1 Rh8 33. d4 h3 34. Rh2 a5 35. f3 Rh5 36. Kg4 Rxd5 37. f4 b4 38. Rxh3 bxc3 39. bxc3 Rb5 40. Rh6+ Ke7 41. Rh2 Rb1 42. Rc2 a4 43. c4 Kf6 44. Rc3 Rb2 45. Ra3 Rb4 1/2-1/2

[Event "POL-ch U16 Girls"]
[Site "Karpacz"]
[Date "2015.??.??"]
[Round "6"]
[White "Daliga, Anita"]
[Black "Sekowska, Helena"]
[Result "1-0"]
[WhiteElo "1416"]
[BlackElo "1498"]
[PlyCount "71"]
[EventDate "2015.03.??"]
[EventType "swiss"]
[EventRounds "9"]
[EventCountry "POL"]
[SourceTitle "EXT 2017"]
[Source "ChessBase"]
[SourceDate "2016.10.25"]
[SourceVersion "1"]
[SourceVersionDate "2016.10.25"]
[SourceQuality "1"]

1. e4 c6 2. d4 d5 3. exd5 cxd5 4. Nf3 Nc6 5. Bd3 Bg4 6. c3 Nf6 7. h3 Bh5 8. Bf4 e6 9. Nbd2 Bd6 10. Bxd6 Qxd6 11. Nf1 Rb8 12. Ng3 Bg6 13. 0-0 0-0 14. Re1 b5 15. a3 a5 16. Ne5 Bxd3 17. Qxd3 Ne7 18. Qe2 Rb6 19. Nh5 Nxh5 20. Qxh5 Rb7 21. Qg4 Rc7 22. Nd3 Nc6 23. Re3 Ne7 24. h4 Nf5 25. Rh3 Qe7 26. h5 Nh6 27. Qf4 Kh8 28. Re1 Rcc8 29. g4 f6 30. Rhe3 Rc6 31. f3 Nf7 32. Qh2 Nd8 33. f4 f5 34. g5 Re8 35. Qh3 Rf8 36. Ne5 1-0

[Event "POL Olympiad U14 Girls"]
[Site "Spala"]
[Date "2014.12.30"]
[Round "2.22"]
[White "Daliga, Anita"]
[Black "Bochniarz, Katarzyna"]
[Result "1-0"]
[WhiteElo "1390"]
[BlackElo "1192"]
[PlyCount "107"]
[EventDate "2014.04.06"]
[EventType "swiss"]
[EventRounds "9"]
[EventCountry "POL"]
[SourceTitle "EXT 2023"]
[Source "ChessBase"]
[SourceDate "2022.10.05"]
[SourceVersion "1"]
[SourceVersionDate "2022.10.05"]
[SourceQuality "1"]

1. e4 e5 2. Nf3 Nf6 3. Nc3 Bb4 4. Bc4 d6 5. d3 0-0 6. Bd2 Nc6 7. a3 Ba5 8. h3 h6 9. 0-0 Bd7 10. b4 Bb6 11. Nd5 Nd4 12. c3 Nxf3+ 13. Qxf3 Nxd5 14. Bxd5 c6 15. Ba2 Be6 16. Qg3 Qf6 17. Kh1 Kh8 18. f4 Bc7 19. fxe5 Qxe5 20. Qxe5 dxe5 21. Bxe6 fxe6 22. Be3 a6 23. Kg1 Kg8 24. Bc5 Rf7 25. Rxf7 Kxf7 26. Rf1+ Kg6 27. Rf3 Rd8 28. Kf1 Bd6 29. Bxd6 Rxd6 30. Ke2 Rd7 31. Rf1 Kg5 32. g3 Kg6 33. Ke3 h5 34. h4 Rf7 35. Rxf7 Kxf7 36. d4 Kf6 37. a4 b6 38. Kd3 g6 39. Kc4 exd4 40. cxd4 Ke7 41. a5 bxa5 42. bxa5 Kd7 43. Kc5 Ke7 44. e5 Kd7 45. Kb6 Ke7 46. Kxc6 Ke8 47. Kd6 Kf7 48. Kd7 Kf8 49. Kxe6 Kg7 50. d5 Kf8 51. Kd7 Kf7 52. e6+ Kf6 53. e7 Kf5 54. e8Q 1-0

[Event "POL Olympiad U14 Girls"]
[Site "Spala"]
[Date "2014.12.30"]
[Round "5.6"]
[White "Daliga, Anita"]
[Black "Humin, Julia"]
[Result "1/2-1/2"]
[WhiteElo "1390"]
[BlackElo "1418"]
[PlyCount "99"]
[EventDate "2014.04.06"]
[EventType "swiss"]
[EventRounds "9"]
[EventCountry "POL"]
[SourceTitle "EXT 2023"]
[Source "ChessBase"]
[SourceDate "2022.10.05"]
[SourceVersion "1"]
[SourceVersionDate "2022.10.05"]
[SourceQuality "1"]

1. e4 e6 2. d4 d5 3. exd5 exd5 4. Bd3 Nc6 5. c3 Bd6 6. Ne2 Nf6 7. Bf4 0-0 8. 0-0 Re8 9. Bxd6 Qxd6 10. f3 Ne7 11. Ng3 Ng6 12. Re1 Bd7 13. Nd2 Qf4 14. Ndf1 Rxe1 15. Qxe1 Re8 16. Qd2 Qxd2 17. Nxd2 Nf4 18. Bc2 h5 19. h4 Ne2+ 20. Nxe2 Rxe2 21. Rd1 Bb5 22. a4 Ba6 23. b4 Bc4 24. Bb1 Re3 25. Rc1 Bd3 26. Bxd3 Rxd3 27. Nf1 Ne4 28. fxe4 dxe4 29. Kf2 f5 30. Ke2 Kf7 31. Ne3 g6 32. Nd5 c6 33. Nf4 Rg3 34. Kf2 Rg4 35. g3 g5 36. hxg5 h4 37. Ne2 hxg3+ 38. Nxg3 Rxg5 39. Rg1 Ke6 40. c4 Rg4 41. Ne2 Rh4 42. Ke3 Kf6 43. a5 Rh3+ 44. Rg3 Rh1 45. Kd2 Rh2 46. Ke3 Rh1 47. Kd2 Rh2 48. Ke3 Rh1 49. Kd2 Rh2 50. b5 1/2-1/2

[Event "POL Olympiad U14 Girls"]
[Site "Spala"]
[Date "2014.12.30"]
[Round "6.8"]
[White "Kwiatkowska, Agnieszka"]
[Black "Daliga, Anita"]
[Result "1/2-1/2"]
[WhiteElo "1518"]
[BlackElo "1390"]
[PlyCount "84"]
[EventDate "2014.04.06"]
[EventType "swiss"]
[EventRounds "9"]
[EventCountry "POL"]
[SourceTitle "EXT 2023"]
[Source "ChessBase"]
[SourceDate "2022.10.05"]
[SourceVersion "1"]
[SourceVersionDate "2022.10.05"]
[SourceQuality "1"]

1. e4 e5 2. Nf3 Nc6 3. Bb5 a6 4. Ba4 Bc5 5. c3 Nge7 6. d3 h6 7. Nbd2 0-0 8. Nf1 d6 9. h3 f5 10. exf5 Nxf5 11. N1h2 Nh4 12. 0-0 Nxf3+ 13. Nxf3 Ne7 14. Bb3+ Kh8 15. Nh4 Qe8 16. Be3 Bb6 17. Bxb6 cxb6 18. d4 Ng6 19. Nxg6+ Qxg6 20. Bc2 Qg5 21. Qd3 Bf5 22. Qe2 Bxh3 23. Be4 Rab8 24. dxe5 dxe5 25. Kh1 Be6 26. Bf3 b5 27. Rfe1 Qh4+ 28. Kg1 Bd7 29. Qxe5 Bc6 30. g3 Qf6 31. Qxf6 Rxf6 32. Bxc6 bxc6 33. Rad1 Kg8 34. Rd7 Rf7 35. Red1 Re8 36. Rxf7 Kxf7 37. Kf1 Re6 38. Rd8 c5 39. Rd5 c4 40. f4 g6 41. Kf2 h5 42. Rd4 Kf6 1/2-1/2

[Event "POL Olympiad U14 Girls"]
[Site "Spala"]
[Date "2014.12.30"]
[Round "1.6"]
[White "Stebel, Agata"]
[Black "Daliga, Anita"]
[Result "1-0"]
[WhiteElo "1673"]
[BlackElo "1390"]
[PlyCount "78"]
[EventDate "2014.04.06"]
[EventType "swiss"]
[EventRounds "9"]
[EventCountry "POL"]
[SourceTitle "EXT 2023"]
[Source "ChessBase"]
[SourceDate "2022.10.05"]
[SourceVersion "1"]
[SourceVersionDate "2022.10.05"]
[SourceQuality "1"]

1. e4 e5 2. Nf3 Nc6 3. Bc4 Bc5 4. 0-0 d6 5. c3 Nf6 6. d4 exd4 7. cxd4 Bb6 8. e5 dxe5 9. Qb3 Qe7 10. dxe5 Ne4 11. Nc3 Nc5 12. Qd1 h6 13. Nd5 Qd8 14. b4 Ne6 15. a4 a6 16. Ba3 Ne7 17. Nxb6 Qxd1 18. Rfxd1 cxb6 19. b5 Nc5 20. a5 Nd7 21. e6 fxe6 22. Re1 axb5 23. Bxe6 Nc6 24. Rad1 Kd8 25. Ne5 Ncxe5 26. Rxe5 Kc7 27. axb6+ Kxb6 28. Re3 Nf6 29. Rd6+ Kc7 30. Rc3+ Kb8 31. f3 Bxe6 32. Rxe6 Nd5 33. Bd6+ Ka7 34. Ra3+ Kb6 35. Bf8+ Kc7 36. Rxa8 Nf6 37. Re7+ Kc6 38. Rxg7 b4 39. Rg6 Kd5 1-0

[Event "POL Olympiad U14 Girls"]
[Site "Spala"]
[Date "2014.12.30"]
[Round "8.6"]
[White "Trybowska, Barbara"]
[Black "Daliga, Anita"]
[Result "0-1"]
[WhiteElo "1457"]
[BlackElo "1390"]
[PlyCount "74"]
[EventDate "2014.04.06"]
[EventType "swiss"]
[EventRounds "9"]
[EventCountry "POL"]
[SourceTitle "EXT 2023"]
[Source "ChessBase"]
[SourceDate "2022.10.05"]
[SourceVersion "1"]
[SourceVersionDate "2022.10.05"]
[SourceQuality "1"]

1. e4 e5 2. Nf3 Nc6 3. Bc4 Bc5 4. d3 Nf6 5. Bg5 d6 6. h3 Be6 7. Bb3 h6 8. Bh4 a6 9. 0-0 g5 10. Bg3 Qd7 11. Bxe6 fxe6 12. c3 0-0-0 13. b4 Ba7 14. a4 Rdg8 15. b5 Nb8 16. bxa6 Nxa6 17. Nbd2 h5 18. h4 gxh4 19. Bxh4 Qg7 20. g3 Nc5 21. Bxf6 Qxf6 22. d4 Nd7 23. Nb3 Qg6 24. Qe1 Nf6 25. Nbd2 exd4 26. cxd4 e5 27. a5 h4 28. Kg2 hxg3 29. fxg3 Nh5 30. Rg1 exd4 31. Qf2 Nf4+ 32. Kf1 Nh3 33. Qe2 Nxg1 34. Nxg1 Qxg3 35. Ndf3 d3 36. Qxd3 Bxg1 37. Qe2 Rf8 0-1

[Event "Chateauroux op 15th"]
[Site "Chateauroux"]
[Date "2014.10.29"]
[Round "7"]
[White "Darre, Alain"]
[Black "Daliga, Anita"]
[Result "0-1"]
[WhiteElo "1643"]
[BlackElo "1489"]
[PlyCount "66"]
[EventDate "2014.10.25"]
[EventType "swiss"]
[EventRounds "7"]
[EventCountry "FRA"]
[SourceTitle "EXT 2015"]
[Source "ChessBase"]
[SourceDate "2014.11.20"]
[SourceVersion "1"]
[SourceVersionDate "2014.11.20"]
[SourceQuality "1"]

1. d4 d5 2. Nc3 Nf6 3. Bg5 e6 4. Nf3 Be7 5. Bxf6 Bxf6 6. e4 b6 7. Bd3 Bb7 8. 0-0 0-0 9. Re1 Nd7 10. e5 Be7 11. Ne2 c5 12. c3 Qc7 13. Rc1 f6 14. Nf4 Qc6 15. Qd2 fxe5 16. Nxe5 Nxe5 17. dxe5 Bg5 18. g3 Rf7 19. c4 Raf8 20. cxd5 exd5 21. e6 Re7 22. Qc2 Bxf4 23. Bxh7+ Kh8 24. gxf4 Rxe6 25. Rxe6 Qxe6 26. f5 Qh6 27. Bg6 d4 28. Kf1 Qxh2 29. Ke1 Qg1+ 30. Ke2 Qg4+ 31. Ke1 Ba6 32. Rd1 d3 33. Qc3 Qe2# 0-1

[Event "Wch U14 Girls"]
[Site "Durban"]
[Date "2014.09.28"]
[Round "10"]
[White "Mendis, Dasuni Hansika"]
[Black "Daliga, Anita"]
[Result "1/2-1/2"]
[WhiteElo "1640"]
[BlackElo "1460"]
[PlyCount "43"]
[EventDate "2014.09.20"]
[EventType "swiss"]
[EventRounds "11"]
[EventCountry "RSA"]
[SourceTitle "CBM 162 Extra"]
[Source "ChessBase"]
[SourceDate "2014.10.17"]
[SourceVersion "1"]
[SourceVersionDate "2014.10.17"]
[SourceQuality "1"]

1. d4 e6 2. c4 d5 3. Nc3 Nf6 4. cxd5 Nxd5 5. e4 Nf6 6. Nf3 Be7 7. Bd3 0-0 8. 0-0 h6 9. a3 b6 10. Bc2 Ba6 11. Re1 c5 12. e5 Nd5 13. Nxd5 exd5 14. Bf4 Nd7 15. Qd2 Re8 16. dxc5 Nxc5 17. Nd4 Bg5 18. Bxg5 Qxg5 19. Qxg5 hxg5 20. Rad1 Bb7 21. Nb5 Re7 22. Nc3 1/2-1/2

[Event "Wch U14 Girls"]
[Site "Durban"]
[Date "2014.09.26"]
[Round "8"]
[White "Kalbani, Wadeema"]
[Black "Daliga, Anita"]
[Result "0-1"]
[WhiteElo "1537"]
[BlackElo "1460"]
[PlyCount "52"]
[EventDate "2014.09.20"]
[EventType "swiss"]
[EventRounds "11"]
[EventCountry "RSA"]
[SourceTitle "CBM 162 Extra"]
[Source "ChessBase"]
[SourceDate "2014.10.17"]
[SourceVersion "1"]
[SourceVersionDate "2014.10.17"]
[SourceQuality "1"]

1. e4 e5 2. Nf3 Nc6 3. Bb5 a6 4. Ba4 Bc5 5. 0-0 d6 6. d4 exd4 7. Nxd4 Bd7 8. Nf5 Qf6 9. Nc3 Nge7 10. Nxe7 Qxe7 11. Nd5 Qd8 12. Kh1 0-0 13. f4 Ne7 14. Bxd7 Qxd7 15. f5 Nxd5 16. exd5 f6 17. Qg4 Kh8 18. Rf3 Rae8 19. Bf4 g6 20. Bh6 Rg8 21. Qh4 g5 22. Qh5 Re4 23. g4 Rge8 24. h4 Re1+ 25. Rxe1 Rxe1+ 26. Kg2 Qe7 0-1

[Event "POL Olympiad U14"]
[Site "Walbrzych"]
[Date "2013.??.??"]
[Round "4.9"]
[White "Daliga, Anita"]
[Black "Glapa, Anna"]
[Result "1/2-1/2"]
[WhiteElo "1347"]
[BlackElo "1660"]
[PlyCount "86"]
[EventDate "2013.04.??"]
[EventType "team-swiss"]
[EventRounds "9"]
[EventCountry "POL"]
[SourceTitle "EXT 2014"]
[Source "ChessBase"]
[SourceDate "2013.11.20"]
[SourceVersion "1"]
[SourceVersionDate "2013.11.20"]
[SourceQuality "1"]

1. e4 c5 2. Nf3 Nc6 3. d4 cxd4 4. Nxd4 Nf6 5. Nc3 d6 6. g3 e5 7. Nde2 Be7 8. h3 0-0 9. Bg2 Be6 10. Nd5 Bxd5 11. exd5 Nb8 12. 0-0 Na6 13. c4 Rc8 14. b3 Nd7 15. Be3 b6 16. Nc3 f5 17. Qd2 Bf6 18. Rad1 f4 19. gxf4 exf4 20. Bd4 f3 21. Bh1 Be5 22. Qe3 Qf6 23. Bxe5 Nxe5 24. Ne4 Qg6+ 25. Kh2 Rce8 26. Rg1 Qh5 27. Qg5 Qxg5 28. Nxg5 Nc5 29. Kg3 h6 30. Ne6 Nxe6 31. dxe6 Rxe6 32. Rge1 Rg6+ 33. Kh2 Rf4 34. Rg1 Rgf6 35. Rc1 Re4 36. Rge1 Rh4 37. Rg1 Re4 38. Rce1 Re2 39. Rxe2 fxe2 40. Re1 Rxf2+ 41. Kg3 Rf1 42. Bd5+ Kf8 43. Rxe2 Rf5 1/2-1/2